[Event "Poznan Chess Festival"]
[Site "chess24.com"]
[Date "2021.08.18"]
[Round "5"]
[White "Anand M P"]
[Black "Glatty, Zbigniew"]
[Result "0-1"]
[Board "16"]
[WhiteElo "1392"]
[WhiteCountry "IND"]
[WhiteFideId "45087644"]
[WhiteEloChange "-2"]
[BlackElo "1840"]
[BlackCountry "POL"]
[BlackFideId "1171305"]
[BlackEloChange "2"]

1. e4 {[%clk 1:30:59]} e5 {[%clk 1:30:52]} 2. Nf3 {[%clk 1:30:39]} Nc6 {[%clk
1:31:19]} 3. Bc4 {[%clk 1:31:02]} Bc5 {[%clk 1:31:42]} 4. O-O {[%clk 1:30:56]}
Nf6 {[%clk 1:32:04]} 5. d3 {[%clk 1:31:19]} d6 {[%clk 1:31:42]} 6. c3 {[%clk
1:30:34]} h6 {[%clk 1:31:25]} 7. h3 {[%clk 1:30:13]} O-O {[%clk 1:30:50]} 8. Bb3
{[%clk 1:30:39]} Be6 {[%clk 1:29:23]} 9. Re1 {[%clk 1:29:24]} Bb6 {[%clk
1:28:26]} 10. Nbd2 {[%clk 1:28:57]} Re8 {[%clk 1:26:43]} 11. Nc4 {[%clk 1:24:53]}
Qd7 {[%clk 1:24:08]} 12. Be3 {[%clk 1:20:07]} Rad8 {[%clk 1:16:02]} 13. a4 {[%clk
1:15:25]} Bxc4 {[%clk 1:14:52]} 14. Bxc4 {[%clk 1:15:22]} d5 {[%clk 1:14:55]} 15.
exd5 {[%clk 1:14:48]} Nxd5 {[%clk 1:15:18]} 16. Bxb6 {[%clk 1:14:28]} axb6 {[%clk
1:14:21]} 17. Bb5 {[%clk 1:14:15]} Qf5 {[%clk 1:13:45]} 18. d4 {[%clk 1:10:57]}
e4 {[%clk 1:07:24]} 19. Nh4 {[%clk 1:11:25]} Qg5 {[%clk 0:55:03]} 20. Qg4 {[%clk
1:11:21]} g6 {[%clk 0:53:42]} 21. g3 {[%clk 0:55:24]} Nf6 {[%clk 0:44:16]} 22.
Qxg5 {[%clk 0:52:55]} hxg5 {[%clk 0:44:44]} 23. Ng2 {[%clk 0:53:23]} Kg7 {[%clk
0:44:50]} 24. Ne3 {[%clk 0:49:47]} Rh8 {[%clk 0:44:15]} 25. Bf1 {[%clk 0:50:03]}
Ne7 {[%clk 0:44:08]} 26. g4 {[%clk 0:47:42]} Rhe8 {[%clk 0:43:43]} 27. Bg2 {[%clk
0:43:26]} Nc6 {[%clk 0:28:55]} 28. Nc4 {[%clk 0:40:51]} Re7 {[%clk 0:25:42]} 29.
Re3 {[%clk 0:40:32]} Rde8 {[%clk 0:23:02]} 30. Rae1 {[%clk 0:40:50]} Ra8 {[%clk
0:23:26]} 31. Nd2 {[%clk 0:29:21]} Rxa4 {[%clk 0:22:21]} 32. Nxe4 {[%clk
0:28:45]} Nd5 {[%clk 0:21:44]} 33. Rf3 {[%clk 0:20:29]} f6 {[%clk 0:18:36]} 34.
Kf1 {[%clk 0:19:16]} Ra2 {[%clk 0:18:02]} 35. b4 {[%clk 0:18:13]} Ra8 {[%clk
0:15:26]} 36. Ng3 {[%clk 0:15:35]} Rxe1+ {[%clk 0:15:31]} 37. Kxe1 {[%clk
0:16:03]} Ra1+ {[%clk 0:15:52]} 38. Kd2 {[%clk 0:15:59]} Ra2+ {[%clk 0:14:48]}
39. Kc1 {[%clk 0:15:44]} Nf4 {[%clk 0:12:56]} 40. Bf1 {[%clk 0:15:46]} Ne7 {[%clk
0:11:43]} 41. Kb1 {[%clk 0:15:52]} Rd2 {[%clk 0:09:18]} 42. Kc1 {[%clk 0:16:16]}
Ra2 {[%clk 0:09:37]} 43. Bc4 {[%clk 0:16:40]} Ra1+ {[%clk 0:09:25]} 44. Kb2
{[%clk 0:17:01]} Re1 {[%clk 0:09:26]} 45. Nf1 {[%clk 0:16:11]} c6 {[%clk
0:08:03]} 46. b5 {[%clk 0:15:15]} Ned5 {[%clk 0:07:21]} 47. Ne3 {[%clk 0:15:03]}
Nxe3 {[%clk 0:05:10]} 48. fxe3 {[%clk 0:11:43]} Ng2 {[%clk 0:05:19]} 49. bxc6
{[%clk 0:11:14]} bxc6 {[%clk 0:05:33]} 50. Be6 {[%clk 0:11:08]} Nxe3 {[%clk
0:04:27]} 51. Bd7 {[%clk 0:11:16]} Nc4+ {[%clk 0:03:58]} 52. Kc2 {[%clk 0:11:13]}
c5 {[%clk 0:03:56]} 53. Kd3 {[%clk 0:11:09]} Nd6 {[%clk 0:03:35]} 54. dxc5 {[%clk
0:09:54]} bxc5 {[%clk 0:04:00]} 55. Re3 {[%clk 0:07:52]} Rxe3+ {[%clk 0:04:03]}
56. Kxe3 {[%clk 0:08:15]} f5 {[%clk 0:04:00]} 57. Be6 {[%clk 0:04:55]} Kf6 {[%clk
0:04:18]} 58. Bd5 {[%clk 0:05:02]} Ke5 {[%clk 0:04:33]} 59. c4 {[%clk 0:05:17]}
Ne4 {[%clk 0:03:35]} 60. Bf7 {[%clk 0:04:23]} f4+ {[%clk 0:03:36]} 61. Kf3 {[%clk
0:03:24]} Kd4 {[%clk 0:03:31]} 62. Bxg6 {[%clk 0:03:07]} Nd2+ {[%clk 0:03:51]}
63. Ke2 {[%clk 0:03:01]} Nxc4 {[%clk 0:04:12]} 64. h4 {[%clk 0:01:43]} gxh4
{[%clk 0:04:10]} 65. Kf3 {[%clk 0:01:04]} Ne5+ {[%clk 0:04:20]} 0-1

[Event "Poznan Chess Festival"]
[Site "chess24.com"]
[Date "2021.08.18"]
[Round "5"]
[White "Szelag, Zuzanna"]
[Black "Szafranski, Maciej"]
[Result "1-0"]
[Board "17"]
[WhiteElo "1839"]
[WhiteCountry "POL"]
[WhiteFideId "1195522"]
[WhiteEloChange "3"]
[BlackElo "1526"]
[BlackCountry "POL"]
[BlackFideId "21805580"]
[BlackEloChange "-3"]

1. e4 {[%clk 1:30:59]} c5 {[%clk 1:30:54]} 2. Nc3 {[%clk 1:31:22]} e6 {[%clk
1:31:09]} 3. Nf3 {[%clk 1:31:48]} d6 {[%clk 1:31:00]} 4. d4 {[%clk 1:32:13]} cxd4
{[%clk 1:31:27]} 5. Nxd4 {[%clk 1:32:39]} a6 {[%clk 1:31:20]} 6. Be3 {[%clk
1:30:44]} Nf6 {[%clk 1:31:41]} 7. Bd3 {[%clk 1:28:31]} Be7 {[%clk 1:30:41]} 8.
O-O {[%clk 1:28:03]} Nbd7 {[%clk 1:29:07]} 9. Kh1 {[%clk 1:25:56]} Nc5 {[%clk
1:28:03]} 10. f4 {[%clk 1:24:43]} Qc7 {[%clk 1:22:44]} 11. Qf3 {[%clk 1:22:27]}
O-O {[%clk 1:21:35]} 12. Rae1 {[%clk 1:20:36]} b5 {[%clk 1:18:04]} 13. a3 {[%clk
1:21:01]} Bb7 {[%clk 1:15:52]} 14. Bg1 {[%clk 1:15:57]} d5 {[%clk 1:05:22]} 15.
e5 {[%clk 1:12:55]} Nfe4 {[%clk 1:05:25]} 16. Bxe4 {[%clk 1:08:42]} Nxe4 {[%clk
1:04:30]} 17. Nxe4 {[%clk 1:07:20]} dxe4 {[%clk 1:04:54]} 18. Qg3 {[%clk
0:58:55]} Bc5 {[%clk 1:00:47]} 19. f5 {[%clk 0:56:35]} Bxd4 {[%clk 0:55:58]} 20.
f6 {[%clk 0:56:24]} g6 {[%clk 0:56:05]} 21. Bxd4 {[%clk 0:56:50]} h6 {[%clk
0:56:07]} 22. Qh4 {[%clk 0:54:35]} Kh7 {[%clk 0:55:03]} 23. Be3 {[%clk 0:54:46]}
1-0

[Event "Poznan Chess Festival"]
[Site "chess24.com"]
[Date "2021.08.18"]
[Round "5"]
[White "Duszczak, Dariusz"]
[Black "Jagodzinski, Alan"]
[Result "1/2-1/2"]
[Board "18"]
[WhiteElo "1822"]
[WhiteCountry "POL"]
[WhiteFideId "1126954"]
[WhiteEloChange "-8"]
[BlackElo "1460"]
[BlackCountry "POL"]
[BlackFideId "21899983"]
[BlackEloChange "8"]

1. e4 {[%clk 1:30:59]} c5 {[%clk 1:30:55]} 2. Nf3 {[%clk 1:31:17]} e6 {[%clk
1:31:17]} 3. c3 {[%clk 1:31:13]} d5 {[%clk 1:31:10]} 4. exd5 {[%clk 1:31:20]}
Qxd5 {[%clk 1:30:23]} 5. d4 {[%clk 1:31:23]} Nf6 {[%clk 1:27:06]} 6. Be2 {[%clk
1:27:38]} Nc6 {[%clk 1:25:56]} 7. Be3 {[%clk 1:20:18]} cxd4 {[%clk 1:21:57]} 8.
Bxd4 {[%clk 1:16:42]} Nxd4 {[%clk 1:20:29]} 9. cxd4 {[%clk 1:04:57]} Bb4+ {[%clk
1:19:13]} 10. Nc3 {[%clk 1:04:15]} O-O {[%clk 1:14:32]} 11. O-O {[%clk 1:03:49]}
Qa5 {[%clk 1:09:06]} 12. Qb3 {[%clk 0:59:41]} Rd8 {[%clk 1:02:56]} 13. Rfd1
{[%clk 0:54:48]} Bd7 {[%clk 0:56:03]} 14. Ne5 {[%clk 0:49:02]} Bxc3 {[%clk
0:51:28]} 15. Nxd7 {[%clk 0:49:22]} Rxd7 {[%clk 0:43:57]} 16. bxc3 {[%clk
0:33:43]} Rc8 {[%clk 0:41:29]} 17. Rac1 {[%clk 0:33:42]} Nd5 {[%clk 0:37:56]} 18.
c4 {[%clk 0:32:15]} Ne7 {[%clk 0:34:42]} 19. Bf3 {[%clk 0:19:19]} Rcd8 {[%clk
0:30:13]} 20. d5 {[%clk 0:14:29]} exd5 {[%clk 0:30:34]} 21. Bxd5 {[%clk 0:14:29]}
1/2-1/2

[Event "Poznan Chess Festival"]
[Site "chess24.com"]
[Date "2021.08.18"]
[Round "5"]
[White "Litke, Slawomir"]
[Black "Rosenfeld, Noe"]
[Result "0-1"]
[Board "19"]
[WhiteElo "1623"]
[WhiteCountry "POL"]
[WhiteFideId "21882282"]
[WhiteEloChange "-17"]
[BlackElo "1305"]
[BlackCountry "POL"]
[BlackFideId "21840989"]
[BlackEloChange "17"]

1. e4 {[%clk 1:30:43]} c5 {[%clk 1:30:55]} 2. Be2 {[%clk 1:26:02]} d6 {[%clk
1:30:11]} 3. f4 {[%clk 1:25:42]} Nc6 {[%clk 1:28:18]} 4. Nf3 {[%clk 1:25:39]} Nf6
{[%clk 1:28:05]} 5. d3 {[%clk 1:25:46]} b5 {[%clk 1:24:58]} 6. O-O {[%clk
1:21:57]} g6 {[%clk 1:22:57]} 7. Qe1 {[%clk 1:19:42]} Bg7 {[%clk 1:20:59]} 8. Kh1
{[%clk 1:04:46]} O-O {[%clk 1:17:33]} 9. Qh4 {[%clk 1:00:10]} Nd4 {[%clk
1:10:59]} 10. Bd1 {[%clk 0:54:55]} Bd7 {[%clk 1:02:42]} 11. c3 {[%clk 0:48:37]}
Nxf3 {[%clk 0:59:30]} 12. Bxf3 {[%clk 0:48:39]} Rc8 {[%clk 0:59:52]} 13. Be3
{[%clk 0:34:18]} Bc6 {[%clk 0:54:23]} 14. Nd2 {[%clk 0:33:51]} Nd7 {[%clk
0:48:52]} 15. d4 {[%clk 0:29:29]} e6 {[%clk 0:45:23]} 16. Qg3 {[%clk 0:23:09]}
cxd4 {[%clk 0:37:08]} 17. cxd4 {[%clk 0:23:06]} d5 {[%clk 0:36:15]} 18. h4 {[%clk
0:13:25]} dxe4 {[%clk 0:21:08]} 19. Nxe4 {[%clk 0:13:43]} Bxe4 {[%clk 0:19:54]}
20. Bxe4 {[%clk 0:14:09]} Nb6 {[%clk 0:18:01]} 21. h5 {[%clk 0:13:05]} Nc4 {[%clk
0:17:14]} 22. hxg6 {[%clk 0:11:31]} hxg6 {[%clk 0:17:24]} 23. Bxg6 {[%clk
0:07:18]} Nxe3 {[%clk 0:15:19]} 24. Qxe3 {[%clk 0:07:11]} Qh4+ {[%clk 0:13:53]}
25. Kg1 {[%clk 0:07:25]} fxg6 {[%clk 0:12:47]} 26. Qxe6+ {[%clk 0:07:45]} Kh7
{[%clk 0:12:46]} 27. Rf3 {[%clk 0:03:13]} Bxd4+ {[%clk 0:12:34]} 28. Kf1 {[%clk
0:03:32]} Qh1+ {[%clk 0:12:17]} 29. Ke2 {[%clk 0:04:00]} Qxg2+ {[%clk 0:11:49]}
30. Ke1 {[%clk 0:03:12]} Rfe8 {[%clk 0:11:49]} 0-1

[Event "Poznan Chess Festival"]
[Site "chess24.com"]
[Date "2021.08.18"]
[Round "5"]
[White "Rozumek, Krzysztof"]
[Black "Pilny, Piotr"]
[Result "1/2-1/2"]
[Board "21"]
[WhiteElo "1859"]
[WhiteCountry "POL"]
[WhiteFideId "1180215"]
[WhiteEloChange "-8"]
[BlackElo "1484"]
[BlackCountry "POL"]
[BlackFideId "21064334"]
[BlackEloChange "8"]

1. e4 {[%clk 1:30:54]} d5 {[%clk 1:30:32]} 2. exd5 {[%clk 1:31:15]} Nf6 {[%clk
1:30:50]} 3. d4 {[%clk 1:29:57]} Qxd5 {[%clk 1:29:26]} 4. Nc3 {[%clk 1:29:12]}
Qa5 {[%clk 1:28:01]} 5. Bd2 {[%clk 1:28:47]} c6 {[%clk 1:15:35]} 6. Ne4 {[%clk
1:23:32]} Qd8 {[%clk 1:12:48]} 7. Nxf6+ {[%clk 1:23:43]} exf6 {[%clk 1:13:07]} 8.
Nf3 {[%clk 1:22:42]} Bd6 {[%clk 1:12:29]} 9. Bd3 {[%clk 1:22:55]} O-O {[%clk
1:11:43]} 10. O-O {[%clk 1:23:22]} Bg4 {[%clk 1:07:55]} 11. h3 {[%clk 1:22:10]}
Be6 {[%clk 1:07:58]} 12. Qc1 {[%clk 1:21:11]} Qc7 {[%clk 1:06:32]} 13. Re1 {[%clk
1:20:43]} Nd7 {[%clk 1:05:43]} 14. c4 {[%clk 1:20:22]} Qc8 {[%clk 0:57:50]} 15.
Qc2 {[%clk 1:17:03]} g6 {[%clk 0:45:43]} 16. h4 {[%clk 1:16:25]} Bg4 {[%clk
0:40:51]} 17. Nh2 {[%clk 1:16:01]} Bxh2+ {[%clk 0:40:42]} 18. Kxh2 {[%clk
1:16:29]} Qc7+ {[%clk 0:39:27]} 19. g3 {[%clk 1:15:50]} Rfe8 {[%clk 0:37:32]} 20.
Kg2 {[%clk 1:16:04]} Nf8 {[%clk 0:36:30]} 21. f3 {[%clk 1:15:26]} Bd7 {[%clk
0:34:43]} 22. Bc3 {[%clk 1:13:08]} Rxe1 {[%clk 0:29:58]} 23. Rxe1 {[%clk
1:13:36]} Re8 {[%clk 0:29:56]} 24. Rxe8 {[%clk 1:13:05]} Bxe8 {[%clk 0:30:24]}
25. Qe2 {[%clk 1:13:32]} Qd8 {[%clk 0:25:29]} 26. f4 {[%clk 1:07:47]} Bd7 {[%clk
0:23:52]} 27. d5 {[%clk 1:05:43]} Bc8 {[%clk 0:22:07]} 28. Be4 {[%clk 1:04:21]}
Qd7 {[%clk 0:17:56]} 29. Bxf6 {[%clk 1:02:09]} Qh3+ {[%clk 0:17:24]} 30. Kf2
{[%clk 1:02:37]} Qh2+ {[%clk 0:13:53]} 31. Bg2 {[%clk 1:03:04]} Bh3 {[%clk
0:13:41]} 32. Qf3 {[%clk 1:02:43]} Nd7 {[%clk 0:13:14]} 33. Bd4 {[%clk 1:03:10]}
Bxg2 {[%clk 0:10:38]} 34. Qxg2 {[%clk 1:03:38]} Qxg2+ {[%clk 0:10:52]} 35. Kxg2
{[%clk 1:04:06]} c5 {[%clk 0:08:44]} 36. Bc3 {[%clk 1:04:19]} f5 {[%clk 0:09:01]}
37. Kf3 {[%clk 1:04:28]} Kf7 {[%clk 0:09:20]} 38. Ke3 {[%clk 1:04:50]} Nb6 {[%clk
0:08:31]} 39. b3 {[%clk 1:04:51]} Nc8 {[%clk 0:08:14]} 40. b4 {[%clk 1:04:07]} b6
{[%clk 0:06:36]} 41. bxc5 {[%clk 1:04:25]} bxc5 {[%clk 0:07:02]} 42. Be5 {[%clk
1:04:39]} Ke7 {[%clk 0:07:02]} 43. Kd3 {[%clk 1:04:54]} Kd7 {[%clk 0:07:12]} 44.
Kc3 {[%clk 1:04:34]} Nb6 {[%clk 0:07:01]} 45. Kb3 {[%clk 1:04:25]} a6 {[%clk
0:06:33]} 46. a4 {[%clk 1:03:14]} Nc8 {[%clk 0:06:07]} 47. a5 {[%clk 1:03:25]}
Ne7 {[%clk 0:05:55]} 48. Kc3 {[%clk 1:03:21]} Ng8 {[%clk 0:05:05]} 49. Kd3 {[%clk
1:00:03]} h5 {[%clk 0:05:04]} 50. Ke2 {[%clk 0:59:36]} Nh6 {[%clk 0:04:55]} 51.
Bg7 {[%clk 0:59:56]} Ng8 {[%clk 0:03:20]} 52. Kf2 {[%clk 0:59:46]} Ne7 {[%clk
0:03:33]} 53. Ke3 {[%clk 0:58:06]} Kd6 {[%clk 0:03:22]} 54. Kd3 {[%clk 0:58:18]}
Kd7 {[%clk 0:03:48]} 55. Kc3 {[%clk 0:58:41]} Nc8 {[%clk 0:04:01]} 56. Kb3 {[%clk
0:58:31]} Nd6 {[%clk 0:04:07]} 57. Bc3 {[%clk 0:50:55]} Nc8 {[%clk 0:04:22]} 58.
Kc2 {[%clk 0:51:03]} Nd6 {[%clk 0:04:43]} 59. Kd3 {[%clk 0:51:30]} Ne4 {[%clk
0:04:49]} 60. Be1 {[%clk 0:49:50]} Kd6 {[%clk 0:04:55]} 61. Ke3 {[%clk 0:49:45]}
Kd7 {[%clk 0:04:46]} 62. Ke2 {[%clk 0:48:00]} 1/2-1/2

[Event "Poznan Chess Festival"]
[Site "chess24.com"]
[Date "2021.08.18"]
[Round "5"]
[White "Zarzycki, Piotr"]
[Black "Wawrzyniak, Pawel"]
[Result "0-1"]
[Board "22"]
[WhiteElo "1410"]
[WhiteCountry "POL"]
[WhiteFideId "21843520"]
[WhiteEloChange "-2"]
[BlackElo "1807"]
[BlackCountry "POL"]
[BlackFideId "21807477"]
[BlackEloChange "2"]

1. e4 {[%clk 1:30:55]} e5 {[%clk 1:30:51]} 2. Nc3 {[%clk 1:31:21]} Nf6 {[%clk
1:31:10]} 3. f4 {[%clk 1:31:36]} d5 {[%clk 1:31:16]} 4. fxe5 {[%clk 1:29:51]}
Nxe4 {[%clk 1:31:36]} 5. Qf3 {[%clk 1:22:37]} Nxc3 {[%clk 1:31:32]} 6. bxc3
{[%clk 1:22:06]} c5 {[%clk 1:31:33]} 7. Qg3 {[%clk 1:10:52]} Nc6 {[%clk 1:27:56]}
8. Bb5 {[%clk 1:10:08]} Qb6 {[%clk 1:27:09]} 9. Bxc6+ {[%clk 1:04:18]} Qxc6
{[%clk 1:26:14]} 10. a4 {[%clk 1:00:49]} Bf5 {[%clk 1:13:46]} 11. d3 {[%clk
0:56:24]} Qg6 {[%clk 0:39:00]} 12. Bf4 {[%clk 0:51:30]} Qxg3+ {[%clk 0:36:10]}
13. Bxg3 {[%clk 0:51:50]} Kd7 {[%clk 0:34:48]} 14. Ne2 {[%clk 0:49:01]} Be7
{[%clk 0:32:45]} 15. O-O {[%clk 0:44:50]} Be6 {[%clk 0:32:27]} 16. Rfb1 {[%clk
0:38:10]} Kc6 {[%clk 0:31:43]} 17. Nf4 {[%clk 0:35:34]} Rhf8 {[%clk 0:20:37]} 18.
Rb5 {[%clk 0:32:23]} a6 {[%clk 0:07:07]} 19. Rb2 {[%clk 0:32:33]} b6 {[%clk
0:06:28]} 20. Rab1 {[%clk 0:30:41]} Rab8 {[%clk 0:06:40]} 21. Rf1 {[%clk
0:27:16]} Rb7 {[%clk 0:03:34]} 22. Rbb1 {[%clk 0:27:04]} Rbb8 {[%clk 0:01:52]}
23. Rf2 {[%clk 0:24:21]} g5 {[%clk 0:01:02]} 24. Nh5 {[%clk 0:16:31]} b5 {[%clk
0:01:08]} 25. axb5+ {[%clk 0:15:49]} Rxb5 {[%clk 0:01:04]} 26. Rxb5 {[%clk
0:14:34]} axb5 {[%clk 0:01:17]} 27. Kf1 {[%clk 0:13:15]} d4 {[%clk 0:00:53]} 28.
cxd4 {[%clk 0:12:50]} cxd4 {[%clk 0:01:22]} 29. Ke1 {[%clk 0:11:39]} Ra8 {[%clk
0:01:28]} 30. Ng7 {[%clk 0:11:10]} Ra1+ {[%clk 0:01:44]} 31. Kd2 {[%clk 0:06:07]}
Bb4+ {[%clk 0:02:03]} 32. c3 {[%clk 0:06:33]} Bxc3+ {[%clk 0:02:22]} 33. Kc2
{[%clk 0:06:27]} Bg4 {[%clk 0:01:37]} 34. Rf6+ {[%clk 0:03:18]} Kc5 {[%clk
0:01:44]} 35. Rf3 {[%clk 0:03:22]} Bxf3 {[%clk 0:02:04]} 36. gxf3 {[%clk
0:03:45]} Rf1 {[%clk 0:02:04]} 37. e6 {[%clk 0:03:00]} fxe6 {[%clk 0:02:12]} 38.
Nxe6+ {[%clk 0:03:20]} Kb4 {[%clk 0:02:03]} 39. Nxg5 {[%clk 0:02:50]} Ka3 {[%clk
0:02:06]} 40. Ne4 {[%clk 0:02:10]} Rxf3 {[%clk 0:01:20]} 41. Nd2 {[%clk 0:01:37]}
Bxd2 {[%clk 0:01:31]} 42. Kxd2 {[%clk 0:01:51]} Kb3 {[%clk 0:01:36]} 43. Ke2
{[%clk 0:02:04]} Re3+ {[%clk 0:01:50]} 44. Kd2 {[%clk 0:02:05]} Re6 {[%clk
0:02:18]} 45. Bf2 {[%clk 0:01:56]} Rd6 {[%clk 0:02:39]} 46. h4 {[%clk 0:02:00]}
Kb4 {[%clk 0:02:36]} 47. Bg3 {[%clk 0:02:02]} Rd7 {[%clk 0:03:02]} 48. Bf4 {[%clk
0:02:10]} Ka3 {[%clk 0:02:58]} 49. h5 {[%clk 0:02:17]} b4 {[%clk 0:03:16]} 50. h6
{[%clk 0:02:28]} b3 {[%clk 0:03:41]} 51. Kc1 {[%clk 0:02:29]} Ka2 {[%clk
0:04:00]} 0-1

[Event "Poznan Chess Festival"]
[Site "chess24.com"]
[Date "2021.08.18"]
[Round "5"]
[White "Zakrzewska, Joanna"]
[Black "Huchwajda, Grzegorz"]
[Result "0-1"]
[Board "23"]
[WhiteElo "1736"]
[WhiteCountry "POL"]
[WhiteFideId "1170112"]
[WhiteEloChange "-17"]
[BlackElo "1440"]
[BlackCountry "POL"]
[BlackFideId "21806357"]
[BlackEloChange "17"]

1. e4 {[%clk 1:30:59]} c5 {[%clk 1:30:59]} 2. Nf3 {[%clk 1:31:22]} e6 {[%clk
1:31:18]} 3. d4 {[%clk 1:31:45]} cxd4 {[%clk 1:31:44]} 4. Nxd4 {[%clk 1:32:08]}
Nf6 {[%clk 1:32:02]} 5. Nc3 {[%clk 1:32:07]} Nc6 {[%clk 1:32:24]} 6. Be3 {[%clk
1:30:20]} Bb4 {[%clk 1:32:51]} 7. Bd3 {[%clk 1:25:32]} e5 {[%clk 1:33:16]} 8. Nf5
{[%clk 1:24:16]} O-O {[%clk 1:33:42]} 9. O-O {[%clk 1:24:13]} Bxc3 {[%clk
1:24:36]} 10. bxc3 {[%clk 1:24:40]} d5 {[%clk 1:24:49]} 11. Bc5 {[%clk 1:11:25]}
Bxf5 {[%clk 1:20:13]} 12. exf5 {[%clk 1:10:41]} Re8 {[%clk 1:18:12]} 13. c4
{[%clk 1:04:35]} b6 {[%clk 1:16:19]} 14. Ba3 {[%clk 0:58:41]} e4 {[%clk 1:14:42]}
15. Be2 {[%clk 0:57:17]} d4 {[%clk 1:13:17]} 16. Qd2 {[%clk 0:46:28]} Qc7 {[%clk
1:11:54]} 17. c5 {[%clk 0:36:47]} Rad8 {[%clk 1:05:05]} 18. Rfd1 {[%clk 0:26:27]}
bxc5 {[%clk 0:56:45]} 19. Bxc5 {[%clk 0:26:05]} Qe5 {[%clk 0:54:04]} 20. Ba3
{[%clk 0:24:40]} Qxf5 {[%clk 0:50:05]} 21. Rab1 {[%clk 0:22:58]} e3 {[%clk
0:44:20]} 22. Bd3 {[%clk 0:22:07]} Qf4 {[%clk 0:40:16]} 23. fxe3 {[%clk 0:20:21]}
dxe3 {[%clk 0:38:48]} 24. Qe2 {[%clk 0:20:41]} Nd4 {[%clk 0:32:53]} 25. Qe1
{[%clk 0:18:26]} e2 {[%clk 0:20:42]} 26. Rdc1 {[%clk 0:13:56]} Qg5 {[%clk
0:18:00]} 27. Qf2 {[%clk 0:08:35]} Ne4 {[%clk 0:14:24]} 28. Bxe4 {[%clk 0:07:30]}
Rxe4 {[%clk 0:14:41]} 29. c3 {[%clk 0:06:30]} Nc6 {[%clk 0:09:01]} 30. Re1 {[%clk
0:06:12]} Rde8 {[%clk 0:08:54]} 31. Rb7 {[%clk 0:03:27]} f6 {[%clk 0:07:29]} 32.
Rc7 {[%clk 0:02:59]} Qa5 {[%clk 0:05:31]} 33. Bd6 {[%clk 0:02:13]} Qxc3 {[%clk
0:04:36]} 34. Qg3 {[%clk 0:01:53]} Qxg3 {[%clk 0:04:45]} 35. Bxg3 {[%clk
0:02:21]} Nb4 {[%clk 0:04:40]} 36. Rxa7 {[%clk 0:01:20]} Nd3 {[%clk 0:04:54]} 37.
a4 {[%clk 0:01:01]} Nxe1 {[%clk 0:05:14]} 38. Bxe1 {[%clk 0:01:30]} Rf4 {[%clk
0:05:18]} 39. g3 {[%clk 0:00:52]} Rf1+ {[%clk 0:05:40]} 40. Kg2 {[%clk 0:01:15]}
Rxe1 {[%clk 0:06:00]} 0-1

[Event "Poznan Chess Festival"]
[Site "chess24.com"]
[Date "2021.08.18"]
[Round "5"]
[White "Hladun, Bartlomiej"]
[Black "Matloka, Mateusz"]
[Result "1-0"]
[Board "24"]
[WhiteElo "1639"]
[WhiteCountry "POL"]
[WhiteFideId "21802467"]
[WhiteEloChange "3"]
[BlackElo "1368"]
[BlackCountry "POL"]
[BlackFideId "21086346"]
[BlackEloChange "-3"]

1. Nf3 {[%clk 1:30:50]} d5 {[%clk 1:30:49]} 2. d4 {[%clk 1:31:18]} Nf6 {[%clk
1:31:12]} 3. c4 {[%clk 1:31:44]} c6 {[%clk 1:31:27]} 4. Qc2 {[%clk 1:31:55]} Bg4
{[%clk 1:30:02]} 5. Ne5 {[%clk 1:31:18]} Bh5 {[%clk 1:18:52]} 6. cxd5 {[%clk
1:31:04]} Qxd5 {[%clk 1:17:45]} 7. e3 {[%clk 1:29:05]} e6 {[%clk 1:16:26]} 8. Bd2
{[%clk 1:27:15]} Be7 {[%clk 1:12:42]} 9. Nc3 {[%clk 1:26:33]} Qd8 {[%clk
1:13:02]} 10. Bd3 {[%clk 1:15:19]} Nbd7 {[%clk 1:08:31]} 11. Nxd7 {[%clk
1:14:36]} Qxd7 {[%clk 1:08:42]} 12. O-O {[%clk 1:14:41]} O-O {[%clk 1:01:44]} 13.
a3 {[%clk 1:13:34]} b5 {[%clk 0:59:01]} 14. b4 {[%clk 0:53:55]} Rac8 {[%clk
0:49:22]} 15. Na2 {[%clk 0:49:16]} Rfd8 {[%clk 0:41:29]} 16. Nc1 {[%clk 0:38:02]}
Bg6 {[%clk 0:36:55]} 17. Bxg6 {[%clk 0:36:24]} hxg6 {[%clk 0:37:17]} 18. Nb3
{[%clk 0:33:48]} Nd5 {[%clk 0:35:29]} 19. Rac1 {[%clk 0:30:10]} Bd6 {[%clk
0:13:02]} 20. Rfd1 {[%clk 0:27:19]} Ne7 {[%clk 0:09:36]} 21. Bc3 {[%clk 0:22:30]}
Bb8 {[%clk 0:08:06]} 22. Bb2 {[%clk 0:15:45]} Qd5 {[%clk 0:05:43]} 23. Nc5 {[%clk
0:06:09]} Qg5 {[%clk 0:03:59]} 24. Qe4 {[%clk 0:05:48]} Nd5 {[%clk 0:02:03]} 25.
h3 {[%clk 0:04:59]} Nf6 {[%clk 0:01:58]} 26. Qf3 {[%clk 0:05:00]} Qd5 {[%clk
0:00:41]} 27. e4 {[%clk 0:04:00]} Qh5 {[%clk 0:00:55]} 28. Qb3 {[%clk 0:02:49]}
Bf4 {[%clk 0:00:50]} 29. Rc3 {[%clk 0:02:52]} Rd6 {[%clk 0:00:32]} 30. Rf3 {[%clk
0:02:18]} Bg5 {[%clk 0:00:31]} 31. e5 {[%clk 0:02:28]} Rdd8 {[%clk 0:00:38]} 32.
exf6 {[%clk 0:02:46]} Bxf6 {[%clk 0:01:06]} 33. Ne4 {[%clk 0:00:51]} Be7 {[%clk
0:00:46]} 34. Rc1 {[%clk 0:00:54]} Rd5 {[%clk 0:00:40]} 35. Qd1 {[%clk 0:00:44]}
f5 {[%clk 0:00:33]} 36. Nc5 {[%clk 0:00:54]} e5 {[%clk 0:00:35]} 37. Re3 {[%clk
0:00:50]} Bf6 {[%clk 0:00:34]} 38. Qxh5 {[%clk 0:01:16]} gxh5 {[%clk 0:00:33]}
39. dxe5 {[%clk 0:01:40]} Bg5 {[%clk 0:00:40]} 40. Rce1 {[%clk 0:00:34]} Bxe3
{[%clk 0:00:44]} 41. Rxe3 {[%clk 0:01:01]} Rd2 {[%clk 0:00:34]} 42. Bc3 {[%clk
0:01:20]} Ra2 {[%clk 0:00:40]} 43. e6 {[%clk 0:00:36]} Rxa3 {[%clk 0:00:38]} 44.
e7 {[%clk 0:00:37]} Re8 {[%clk 0:00:46]} 45. Nb7 {[%clk 0:00:43]} Rxc3 {[%clk
0:00:34]} 46. Rxc3 {[%clk 0:01:12]} Rxe7 {[%clk 0:00:58]} 47. Na5 {[%clk
0:01:30]} Re1+ {[%clk 0:00:31]} 48. Kh2 {[%clk 0:01:57]} Rb1 {[%clk 0:00:54]} 49.
Nxc6 {[%clk 0:02:21]} a5 {[%clk 0:00:40]} 50. bxa5 {[%clk 0:02:27]} b4 {[%clk
0:01:04]} 51. Rc4 {[%clk 0:02:36]} 1-0